[Event "Stay Safe Play From Home 295"]
[Site "Emanuel Lasker Arena"]
[Date "2020.07.12"]
[Round "6"]
[White "Haxhi Baha"]
[Black "SoulofWolf"]
[Result "0-1"]
[WhiteElo "2007"]
[BlackElo "2224"]
[Annotator "RC"]
[PlyCount "100"]
[EventDate "2020.07.12"]
[EventType "swiss (blitz)"]

1. e4 {[%emt 0:00:02]} e6 {[%emt 0:00:00]} 2. d4 {[%emt 0:00:01]} c5 {[%emt 0:00:00]} 3. d5 {[%emt 0:00:01]} exd5 {[%emt 0:00:00]} 4. exd5 {[%emt 0:00:00]} d6 {[%emt 0:00:00]} 5. c4 {[%emt 0:00:00]} Be7 {[%emt 0:00:00]} 6. Nc3 {[%emt 0:00:00]} Bf6 {[%emt 0:00:01]} 7. Nf3 {[%emt 0:00:00]} Ne7 {[%emt 0:00:00]} 8. Bd3 {[%emt 0:00:00]} O-O {[%emt 0:00:01]} 9. O-O {[%emt 0:00:00]} Bf5 {[%emt 0:00:01]} 10. h3 {[%emt 0:00:01]} Bxd3 {[%emt 0:00:01]} 11. Qxd3 {[%emt 0:00:00]} Nd7 {[%emt 0:00:00]} 12. Rd1 {[%emt 0:00:01]} Ng6 {[%emt 0:00:01]} 13. Be3 {[%emt 0:00:02]} Re8 {[%emt 0:00:01]} 14. Re1 {[%emt 0:00:01]} Nge5 {[%emt 0:00:00]} 15. Nxe5 {[%emt 0:00:02]} Nxe5 {[%emt 0:00:00]} 16. Qf1 {[%emt 0:00:01]} Qa5 {[%emt 0:00:02]} 17. Ne4 {[%emt 0:00:02]} Be7 {[%emt 0:00:03]} 18. b3 {[%emt 0:00:01]} Rad8 {[%emt 0:00:02]} 19. Bf4 {[%emt 0:00:01]} Ng6 {[%emt 0:00:02]} 20. Bg3 {[%emt 0:00:01]} h6 {[%emt 0:00:01]} 21. f4 {[%emt 0:00:01]} f5 {[%emt 0:00:01]} 22. Nf2 {[%emt 0:00:03]} Qc3 {[%emt 0:00:01]} 23. Qd3 {[%emt 0:00:06]} Bf6 {[%emt 0:00:01]} 24. Rxe8+ {[%emt 0:00:02]} Rxe8 {[%emt 0:00:01]} 25. Qxc3 {[%emt 0:00:00]} Bxc3 {[%emt 0:00:00]} 26. Rd1 {[%emt 0:00:01]} Bd4 {[%emt 0:00:01]} 27. Kh2 {[%emt 0:00:02]} Re2 {[%emt 0:00:02]} 28. Nd3 {[%emt 0:00:01]} Rxa2 {[%emt 0:00:01]} 29. h4 {[%emt 0:00:01]} h5 {[%emt 0:00:02]} 30. Re1 {[%emt 0:00:01]} Kf7 {[%emt 0:00:01]} 31. Re6 {[%emt 0:00:01]} Ra3 {[%emt 0:00:08]} 32. Rxd6 {[%emt 0:00:03]} Rxb3 {[%emt 0:00:01]} 33. Ne5+ {[%emt 0:00:01]} Nxe5 {[%emt 0:00:03]} 34. fxe5 {[%emt 0:00:00]} Be3 {[%emt 0:00:01]} 35. Rd7+ {[%emt 0:00:02]} Kg6 {[%emt 0:00:01]} 36. e6 {[%emt 0:00:02]} Rb1 {[%emt 0:00:01]} 37. Be5 {[%emt 0:00:02]} Rd1 {[%emt 0:00:04]} 38. Rxg7+ {[%emt 0:00:03]} Kh6 {[%emt 0:00:01]} 39. Rg8 {[%emt 0:00:01]} Bg1+ {[%emt 0:00:00]} 40. Kh3 {[%emt 0:00:01]} Bf2 {[%emt 0:00:00]} 41. g3 {[%emt 0:00:04]} Re1 {[%emt 0:00:03]} 42. Bf4+ {[%emt 0:00:01]} Kh7 {[%emt 0:00:02]} 43. Re8 {[%emt 0:00:00]} Kg7 {[%emt 0:00:01]} 44. e7 {[%emt 0:00:00]} Kf7 {[%emt 0:00:01]} 45. Rf8+ {[%emt 0:00:02]} Kxe7 {[%emt 0:00:00]} 46. Bg5+ {[%emt 0:00:01]} Kxf8 {[%emt 0:00:01]} 47. Kg2 {[%emt 0:00:00]} Bd4 {[%emt 0:00:02]} 48. d6 {[%emt 0:00:01]} Ke8 {[%emt 0:00:01]} 49. Bf4 {[%emt 0:00:01]} Kd7 {[%emt 0:00:01]} 50. Kf3 {[%emt 0:00:00]} Re4 {[%emt 0:00:01]} 0-1

[Event "Stay Safe Play From Home 295"]
[Site "Emanuel Lasker Arena"]
[Date "2020.07.12"]
[Round "6"]
[White "Cirovicz"]
[Black "Mepe_Nika"]
[Result "0-1"]
[WhiteElo "1909"]
[BlackElo "2362"]
[Annotator "TA"]
[PlyCount "128"]
[EventDate "2020.07.12"]
[EventType "swiss (blitz)"]

{[%evp 23,128,35,20,35,34,26,40,-61,10,0,0,-8,7,0,16,-18,18,0,13,-139,280,277,269,167,170,150,148,135,145,102,112,97,102,86,130,136,5257,119,1969,112,110,121,135,111,109,116,108,102,89,52,67,14,27,27,64,67,70,-497,-476,-672,-648,-608,-608,-716,-690,-880,-880,-876,-864,-29977,-29979,-29980,-29981,-29981,-29982,-29982,-29982,-29982,-29983,-29983,-29984,-29984,-29985,-29985,-29986,-29986,-29987,-29987,-29988,-29988,-29989,-29989,-29990,-29990,-29991,-29991,-29992,-29992,-29993,-29993,-29994,-29994,-29994,-29995,-29996,-29996,-5181]} 1. e4 e5 2. Nf3 Nc6 3. Bb5 a6 4. Ba4 Nf6 5. O-O Be7 6. Re1 b5 7. Bb3 O-O 8. c3 d5 9. exd5 Nxd5 10. Nxe5 Nxe5 11. Rxe5 c6 12. Bxd5 cxd5 13. d4 {C89: Closed Ruy Lopez: Marshall Attack.} Bd6 14. Re1 Qh4 {[#]} 15. f4 $146 (15. g3 $14 Qh3 16. Qf3) ({Predecessor:} 15. g3 Qh3 16. Be3 Bg4 17. Qd3 Rae8 18. Nd2 Re6 19. Qf1 Qh5 20. f3 Bh3 21. Qf2 h6 22. f4 f6 23. Nf3 g5 24. Bd2 Rxe1+ 25. Nxe1 Re8 26. Nf3 Bg4 {½-½ (39) Vozda,J (2443)-Novak,V (2363) ICCF email 2013}) 15... Bxf4 (15... Bg4 $15 16. g3 Bxd1 17. gxh4 Bg4) 16. Bxf4 $11 Qxf4 17. Rf1 Qh4 18. Qf3 Be6 19. Na3 Rab8 20. Rae1 b4 21. cxb4 $2 (21. Nc2 $11) 21... Rxb4 $2 {[%mdl 8192] [#]} (21... Qxd4+ $17 {stays on course.} 22. Qf2 Qxb4) 22. Rxe6 $1 $18 {[%mdl 576] White wants to mate with Qxf7+! Pin} Qxd4+ (22... fxe6 23. Qxf8#) 23. Re3 {Black must now prevent Nc2.} Rxb2 24. Nb1 Rxa2 25. Nc3 Ra3 26. Nd1 h6 27. Kh1 Ra1 28. Rd3 Qe5 29. Rxd5 Qb2 $2 {[%mdl 8192]} (29... Qc7 $16 30. Qd3 a5) 30. Rd3 $2 (30. Nxb2 $18 {and the rest is easy.} Rxf1+ 31. Qxf1) 30... Ra2 $2 {[%mdl 8192]} (30... Qe5 $16 31. h3 a5) 31. Qf2 $2 (31. Nxb2 $18 Rxb2 32. Rd7) 31... Qxf2 $16 32. Rxf2 Ra1 33. Rf1 Rc8 34. Kg1 Rcc1 35. g3 a5 36. Kf2 a4 37. Ke2 (37. Ne3 $14) 37... a3 38. Ne3 {And now Rxc1 would win.} Rxf1 39. Nxf1 $11 {[%mdl 4096] Endgame KRN-KR} a2 {aiming for ...Rxf1!} 40. Nd2 $2 {[%mdl 8192]} (40. Rd8+ $14 {keeps the upper hand.} Kh7 41. Ra8) 40... Rh1 ({Not} 40... Re1+ 41. Kxe1 a1=Q+ 42. Kf2 $19) 41. Ra3 (41. Nb3 $142 Rxh2+ 42. Kd1) 41... a1=Q $19 42. Rxa1 Rxa1 {KR-KN} 43. Ne4 Ra2+ 44. Kf3 Rxh2 45. g4 Rh1 46. Ng3 Rh3 {Black mates.} 47. Kg2 {[#]} Rxg3+ $1 48. Kxg3 {KP-KP} g5 49. Kf3 Kg7 50. Ke4 Kg6 51. Ke5 h5 52. gxh5+ Kxh5 53. Kf5 g4 54. Kf4 Kh4 55. Ke3 Kh3 56. Kf2 Kh2 57. Ke3 g3 58. Kf4 g2 59. Kf5 g1=Q 60. Kf6 Qg6+ 61. Ke7 f5 62. Kf8 f4 63. Ke7 f3 64. Kf8 Qh7 {Never resign too early! Accuracy: White = 49%, Black = 69%.} (64... f2 $142 65. Ke7 f1=Q 66. Kd8 Qd6+ 67. Ke8 Qff8#) 0-1

[Event "Stay Safe Play From Home 295"]
[Site "Emanuel Lasker Arena"]
[Date "2020.07.12"]
[Round "6"]
[White "Patzeroglu"]
[Black "Broken sword"]
[Result "0-1"]
[WhiteElo "1808"]
[BlackElo "2506"]
[Annotator "TA"]
[PlyCount "82"]
[EventDate "2020.07.12"]
[EventType "swiss (blitz)"]

{[%evp 9,82,-78,-89,-106,-28,-70,307,-50,-43,-91,-83,-108,-70,-108,-122,-125,-111,-112,-124,-105,-103,-225,-81,-93,-75,-691,-690,-795,-825,-823,-803,-844,-833,-830,-849,-1184,-1168,-1814,-1796,-1830,-1865,-1842,-1818,-1894,-1875,-2424,-2343,-2191,-2121,-29983,-29984,-29988,-29986,-29986,-29987,-29987,-29988,-29987,-29988,-29990,-29988,-29990,-29991,-29991,-29992,-29992,-29991,-29991,-29992,-29993,-29992,-29993,-29993,-29993,-29993]} 1. f3 d5 2. c3 c5 3. d3 Nc6 4. e4 d4 {[#]} 5. Ne2 $146 ({Predecessor:} 5. c4 e5 6. f4 Bd6 7. fxe5 Nxe5 8. Nf3 Bg4 9. h3 Bxf3 10. gxf3 Qh4+ 11. Kd2 {0-1 (21) Eliseev,G-Martinez Perez,J (2032) Aviles 2007}) 5... e5 6. Nd2 {A00: Irregular Openings.} f6 (6... Nf6 $17 7. Ng3 Be7) 7. a4 Bf5 $2 {[%mdl 8192]} (7... Be6 $15 {keeps the upper hand.}) 8. Nc4 $2 (8. exf5 $18 {Hoping for Ne4.} Nge7 9. g4) 8... Be6 $15 9. cxd4 cxd4 10. b3 Qd7 11. Ba3 Bxa3 12. Nxa3 Qe7 13. Nc4 Qb4+ 14. Kf2 Nge7 15. f4 {[#]} (15. Ng3 $17 {keeps fighting.}) 15... O-O (15... f5 $1 $19 {is more deadly.} 16. g3 fxe4 17. dxe4 Bxc4 18. bxc4 Qd6) 16. f5 $17 Bxc4 17. g4 $2 {[%mdl 8192]} (17. bxc4 $17 Na5 18. g4) 17... Bxb3 $19 18. Qe1 Qxe1+ 19. Rxe1 Bxa4 20. h4 Bb5 21. g5 Bxd3 22. h5 Bxe4 {[%mdl 64] Double Attack} 23. h6 Bxh1 24. hxg7 Kxg7 25. Ng3 Bd5 26. Nh5+ Kh8 27. Nxf6 {[#]} Rxf6 $1 28. gxf6 Nxf5 29. Bg2 Bxg2 {Black mates.} 30. Rg1 Rg8 31. f7 Rf8 32. Rxg2 Rxf7 33. Ke2 e4 34. Rf2 Kg7 35. Kd1 Ne3+ {[%mdl 64] Discovered Attack} 36. Ke2 Rxf2+ 37. Kxf2 Nf5 38. Ke2 Ne5 39. Kd2 a5 {[%cal Ba7a5,Ba5a4][%mdl 32]} 40. Ke2 a4 41. Kd2 b5 {Accuracy: White = 29%, Black = 41%.} 0-1

[Event "Stay Safe Play From Home 295"]
[Site "Emanuel Lasker Arena"]
[Date "2020.07.12"]
[Round "6"]
[White "Mamba2001de"]
[Black "Bardellosport"]
[Result "0-1"]
[WhiteElo "1482"]
[BlackElo "2004"]
[Annotator "NA"]
[PlyCount "64"]
[EventDate "2020.07.12"]
[EventType "swiss (blitz)"]

1. e4 {[%emt 0:00:01]} e6 {[%emt 0:00:01]} 2. Nf3 {[%emt 0:00:00]} d5 {[%emt 0:00:00]} 3. exd5 {[%emt 0:00:01]} exd5 {[%emt 0:00:00]} 4. d4 {[%emt 0:00:01]} c6 {[%emt 0:00:00]} 5. Be2 {[%emt 0:00:01]} f5 {[%emt 0:00:00]} 6. O-O {[%emt 0:00:01]} Nf6 {[%emt 0:00:00]} 7. Nbd2 {[%emt 0:00:01]} Bd6 {[%emt 0:00:01]} 8. Nb3 {[%emt 0:00:02]} O-O {[%emt 0:00:00]} 9. c3 {[%emt 0:00:04]} Ne4 {[%emt 0:00:01]} 10. Be3 {[%emt 0:00:02]} Nd7 {[%emt 0:00:01]} 11. Bd3 {[%emt 0:00:01]} Ndf6 {[%emt 0:00:01]} 12. Bxe4 {[%emt 0:00:01]} fxe4 {[%emt 0:00:01]} 13. Ne5 {[%emt 0:00:01]} Qe7 {[%emt 0:00:00]} 14. f4 {[%emt 0:00:02]} exf3 {[%emt 0:00:01]} 15. Nxf3 {[%emt 0:00:02]} Bg4 {[%emt 0:00:01]} 16. Bg5 {[%emt 0:00:03]} h6 {[%emt 0:00:01]} 17. Bh4 {[%emt 0:00:02]} Qe3+ {[%emt 0:00:02]} 18. Bf2 {[%emt 0:00:02]} Qe7 {[%emt 0:00:02]} 19. Nc5 {[%emt 0:00:02]} Bxc5 {[%emt 0:00:01]} 20. dxc5 {[%emt 0:00:01]} Ne4 {[%emt 0:00:00]} 21. Bh4 {[%emt 0:00:05]} Qd7 {[%emt 0:00:01]} 22. Bf2 {[%emt 0:00:02]} Rae8 {[%emt 0:00:02]} 23. Qd3 {[%emt 0:00:02]} a6 {[%emt 0:00:01]} 24. b3 {[%emt 0:00:02]} Bf5 {[%emt 0:00:01]} 25. Qd1 {[%emt 0:00:03]} Qf7 {[%emt 0:00:02]} 26. Rc1 {[%emt 0:00:02]} Qg6 {[%emt 0:00:01]} 27. Nd4 {[%emt 0:00:04]} Bh3 {[%emt 0:00:01]} 28. Bg3 {[%emt 0:00:02]} Bg4 {[%emt 0:00:02]} 29. Rxf8+ {[%emt 0:00:03]} Rxf8 {[%emt 0:00:01]} 30. Qe1 {[%emt 0:00:01]} Re8 {[%emt 0:00:02]} 31. Qf1 {[%emt 0:00:02]} Qf7 {[%emt 0:00:01]} 32. Qxf7+ {[%emt 0:00:02]} Kxf7 {[%emt 0:00:00] Zeit (Lag: Av=0.41s, max=1.0s)} 0-1

[Event "Stay Safe Play From Home 295"]
[Site "Emanuel Lasker Arena"]
[Date "2020.07.12"]
[Round "6"]
[White "Klasman"]
[Black "Physikus"]
[Result "0-1"]
[WhiteElo "1362"]
[BlackElo "2052"]
[PlyCount "36"]
[EventDate "2020.07.12"]
[EventType "swiss (blitz)"]

1. f4 {[%emt 0:00:01]} g6 {[%emt 0:00:03]} 2. e4 {[%emt 0:00:02]} Bg7 {[%emt 0:00:00]} 3. d4 {[%emt 0:00:01]} d6 {[%emt 0:00:01]} 4. c4 {[%emt 0:00:01]} Nc6 {[%emt 0:00:01]} 5. Nf3 {[%emt 0:00:01]} e5 {[%emt 0:00:01]} 6. d5 {[%emt 0:00:02]} Nd4 {[%emt 0:00:03]} 7. fxe5 {[%emt 0:00:06]} dxe5 {[%emt 0:00:02]} 8. Nxd4 {[%emt 0:00:03]} exd4 {[%emt 0:00:01]} 9. Nd2 {[%emt 0:00:05]} Ne7 {[%emt 0:00:01]} 10. Nf3 {[%emt 0:00:02]} Bg4 {[%emt 0:00:03]} 11. Qb3 {[%emt 0:00:07]} Bxf3 {[%emt 0:00:02]} 12. gxf3 {[%emt 0:00:04]} O-O {[%emt 0:00:04]} 13. Bf4 {[%emt 0:00:07]} f5 {[%emt 0:00:01]} 14. Qxb7 {[%emt 0:00:03]} fxe4 {[%emt 0:00:01]} 15. Bxc7 {[%emt 0:00:04]} Qe8 {[%emt 0:00:03]} 16. d6 {[%emt 0:00:01]} Nf5 {[%emt 0:00:01]} 17. O-O-O {[%emt 0:00:06]} exf3 {[%emt 0:00:02]} 18. Bh3 {[%emt 0:00:02]} Bh6+ {[%emt 0:00:01] Time (Lag: Av=0.53s, max=1.0s)} 0-1

[Event "Stay Safe Play From Home 295"]
[Site "Emanuel Lasker Arena"]
[Date "2020.07.12"]
[Round "6"]
[White "W Nelles"]
[Black "Parth11"]
[Result "0-1"]
[WhiteElo "1073"]
[BlackElo "1409"]
[Annotator "NA"]
[PlyCount "62"]
[EventDate "2020.07.12"]
[EventType "swiss (blitz)"]

1. e4 {[%emt 0:00:01]} e6 {[%emt 0:00:00]} 2. Nf3 {[%emt 0:00:01]} d5 {[%emt 0:00:00]} 3. exd5 {[%emt 0:00:01]} exd5 {[%emt 0:00:00]} 4. Bb5+ {[%emt 0:00:02]} Nc6 {[%emt 0:00:01]} 5. Ba4 {[%emt 0:00:01]} Be6 {[%emt 0:00:00]} 6. O-O {[%emt 0:00:01]} a6 {[%emt 0:00:00]} 7. c3 {[%emt 0:00:01]} b5 {[%emt 0:00:01]} 8. Bc2 {[%emt 0:00:01]} Nf6 {[%emt 0:00:00]} 9. d4 {[%emt 0:00:01]} Bd6 {[%emt 0:00:00]} 10. Bg5 {[%emt 0:00:01]} Qd7 {[%emt 0:00:00]} 11. Bxf6 {[%emt 0:00:02]} gxf6 {[%emt 0:00:00]} 12. Nbd2 {[%emt 0:00:01]} O-O-O {[%emt 0:00:01]} 13. b4 {[%emt 0:00:02]} Rhg8 {[%emt 0:00:00]} 14. g3 {[%emt 0:00:02]} h5 {[%emt 0:00:01]} 15. Re1 {[%emt 0:00:01]} h4 {[%emt 0:00:02]} 16. Kh1 {[%emt 0:00:03]} hxg3 {[%emt 0:00:02]} 17. fxg3 {[%emt 0:00:01]} Bg4 {[%emt 0:00:01]} 18. Rg1 {[%emt 0:00:04]} Rh8 {[%emt 0:00:03]} 19. Bd3 {[%emt 0:00:04]} Nxb4 {[%emt 0:00:06]} 20. cxb4 {[%emt 0:00:03]} Bxb4 {[%emt 0:00:00]} 21. a3 {[%emt 0:00:03]} Bxd2 {[%emt 0:00:01]} 22. Qxd2 {[%emt 0:00:04]} Bxf3+ {[%emt 0:00:01]} 23. Rg2 {[%emt 0:00:01]} Qh3 {[%emt 0:00:01]} 24. Kg1 {[%emt 0:00:08]} Bxg2 {[%emt 0:00:02]} 25. Qxg2 {[%emt 0:00:01]} Qxg2+ {[%emt 0:00:00]} 26. Kxg2 {[%emt 0:00:01]} Rde8 {[%emt 0:00:00]} 27. Rf1 {[%emt 0:00:01]} Re3 {[%emt 0:00:00]} 28. Bf5+ {[%emt 0:00:03]} Kd8 {[%emt 0:00:01]} 29. Bg4 {[%emt 0:00:02]} Ke7 {[%emt 0:00:02]} 30. Rf2 {[%emt 0:00:01]} Rxa3 {[%emt 0:00:01]} 31. Re2+ {[%emt 0:00:01]} Kf8 {[%emt 0:00:03] Zeit (Lag: Av=0.84s, max=1.1s)} 0-1

[Event "Stay Safe Play From Home 295"]
[Site "Emanuel Lasker Arena"]
[Date "2020.07.12"]
[Round "7"]
[White "Broken sword"]
[Black "Physikus"]
[Result "1-0"]
[WhiteElo "2506"]
[BlackElo "2053"]
[Annotator "TA"]
[PlyCount "87"]
[EventDate "2020.07.12"]
[EventType "swiss (blitz)"]

{[%evp 21,86,-13,-7,-36,0,-25,-9,-12,16,17,39,9,60,51,60,44,62,68,51,56,67,54,166,167,257,257,5789,5519,29973,29974,29972,29939,6008,5764,29989,29990,29990,29988,29989,29988,29988,29989,29989,29989,29990,29987,29987,29988,29991,29992,29993,29994,29994,29994,29994,29994,29994,29993,29994,29994,29995,29995,29997,29997,29998,29999,29999]} 1. e4 e5 2. Nf3 Nc6 3. Bb5 a6 4. Bxc6 dxc6 5. O-O Bg4 6. h3 h5 7. d3 Qf6 8. Be3 Bxf3 9. Qxf3 Qxf3 10. gxf3 Bd6 11. Nd2 Ne7 12. Rfb1 {C68: Ruy Lopez: Exchange Variation, sidelines.} f5 13. Nc4 f4 14. Bd2 {The position is equal.} Ng6 15. Kf1 {[#]} O-O $146 ({Predecessor:} 15... Be7 16. Ke2 Kf7 17. Bc3 Bf6 18. b4 b6 19. a4 Rhe8 20. a5 b5 21. Nd2 Nf8 {½-½ (34) Schroeder,K (2313)-Schuh,D (2379) Germany 2017}) 16. b4 Rae8 (16... Be7 $11) 17. a4 Rf6 18. b5 cxb5 19. axb5 axb5 20. Rxb5 b6 21. Ra7 Nh4 ({Black should play} 21... Rc8 $14) 22. Ke2 $18 Rg6 (22... Ng6 {was called for.} 23. Nxd6 cxd6 24. Rxb6 Nf8) 23. Nxd6 Rh6 $2 {[#]} (23... Rxd6 24. Rxc7 Ng6) 24. Nxe8 Re6 25. Nxc7 Rc6 26. Ra8+ Kh7 27. Nd5 Rxc2 28. Rxb6 {White mates.} Ng6 29. Rbb8 h4 30. Kd1 Rc6 31. Bc3 Re6 32. Ke2 Rc6 {[#]} 33. Bxe5 $1 Nxe5 34. Ne7 {[%csl Ga8][%cal Rb8h8]} Rc2+ 35. Kd1 {[%csl Ga8][%cal Rb8h8]} Rc8 36. Rxc8 {[%csl Ga8][%cal Rc8h8]} g6 37. Rg8 Nxd3 38. Ke2 Ne5 39. Nd5 Nf7 40. Nf6+ Kh6 41. Ra7 Kg5 42. Rxf7 Kh6 43. Rfg7 {[%csl Gg8][%cal Rg7g6]} Kg5 44. Rxg6# {White took control after the opening. Accuracy: White = 78%, Black = 32%.} 1-0

[Event "Stay Safe Play From Home 295"]
[Site "Emanuel Lasker Arena"]
[Date "2020.07.12"]
[Round "7"]
[White "SoulofWolf"]
[Black "Bardellosport"]
[Result "1-0"]
[WhiteElo "2232"]
[BlackElo "2006"]
[Annotator "TA"]
[PlyCount "73"]
[EventDate "2020.07.12"]
[EventType "swiss (blitz)"]

{[%evp 9,73,16,30,19,33,31,24,33,28,27,81,86,88,90,140,70,75,78,72,35,67,67,67,7,185,183,185,187,187,178,210,204,221,214,210,206,237,197,198,-235,261,260,259,92,436,441,439,435,453,276,464,477,487,482,447,360,369,348,561,416,630,489,1220,1201,29986,29987]} 1. Nf3 d6 2. c4 g6 3. e3 Bg7 4. Be2 Nd7 5. O-O e5 6. d4 {A10: English Opening: Unusual Replies for Black.} e4 7. Nfd2 f5 8. Nc3 {White has an edge.} Ngf6 {[#]} 9. f3 $146 ({Predecessor:} 9. b4 O-O 10. a4 a5 11. bxa5 Rxa5 12. Nb3 Ra8 13. a5 c6 14. Ba3 Qe7 15. Qc2 {½-½ (42) Dimitrijevic,A (2274)-Kozarcanin,S (2138) Sarajevo 2012}) 9... O-O (9... exf3 $11 {remains equal.} 10. Bxf3 O-O) 10. fxe4 $16 fxe4 11. Ndxe4 Qe7 12. Nxf6+ ({Better is} 12. Ng3 $16) 12... Nxf6 $14 13. Bf3 c6 14. b3 Be6 15. Bd2 d5 16. c5 ({White should play} 16. Qe2 $14) 16... Ne4 $2 (16... Bf5 $11 {and Black is okay.}) 17. Nxe4 $18 ({But not} 17. Bxe4 $6 Rxf1+ 18. Qxf1 dxe4 $16) 17... dxe4 18. Bxe4 Qd7 19. Bf3 Qe7 20. Qc2 Bf5 21. Qc4+ Be6 22. Qc3 Bf5 23. Rae1 Rad8 24. e4 $4 {[%mdl 8192]} (24. Rf2 $18 {and life is good for White.}) 24... Bc8 $4 {[%mdl 8192]} (24... Bxd4+ $19 {avoids the disaster.} 25. Qxd4 Rxd4 26. exf5 Qd8) 25. e5 Be6 26. Qc1 $2 (26. Be3 $18 {and White stays clearly on top.}) 26... Bf5 $2 {[%mdl 8192]} (26... Rxd4 $16 27. Be3 Rd7) 27. Bg5 Qd7 28. Bxd8 Qxd4+ 29. Qe3 Rxd8 $2 (29... Qxe3+ 30. Rxe3 Bh6) 30. Qxd4 Rxd4 31. e6 {[#] aiming for e7.} Rd8 32. e7 Re8 33. g4 Bd7 $2 (33... Bd3 {might work better.} 34. Be2 Bd4+ 35. Kg2 Be4+ 36. Kh3 Bxc5 37. Bc4+ {[%mdl 64] Discovered Attack} Bd5 38. Bxd5+ cxd5 39. Rf8+ Rxf8) 34. Kg2 Bd4 (34... Bf6 $142 35. Bd5+ {[%mdl 64] Discovered Attack} cxd5) 35. b4 Kf7 (35... Bf6 $142 36. Bd5+ {[%mdl 64] Discovered Attack} cxd5) 36. Bxc6+ {[%mdl 64] [#] Discovered Attack} Kg7 37. Bxd7 {Accuracy: White = 62%, Black = 33%.} 1-0

[Event "Stay Safe Play From Home 295"]
[Site "Emanuel Lasker Arena"]
[Date "2020.07.12"]
[Round "7"]
[White "Haxhi Baha"]
[Black "Mamba2001de"]
[Result "1-0"]
[WhiteElo "1999"]
[BlackElo "1480"]
[Annotator "NA"]
[PlyCount "77"]
[EventDate "2020.07.12"]
[EventType "swiss (blitz)"]

1. e4 {[%emt 0:00:01]} e6 {[%emt 0:00:01]} 2. d4 {[%emt 0:00:01]} d5 {[%emt 0:00:01]} 3. exd5 {[%emt 0:00:00]} exd5 {[%emt 0:00:01]} 4. Nf3 {[%emt 0:00:00]} Nf6 {[%emt 0:00:01]} 5. Bd3 {[%emt 0:00:00]} Be7 {[%emt 0:00:01]} 6. O-O {[%emt 0:00:00]} O-O {[%emt 0:00:01]} 7. h3 {[%emt 0:00:00]} h6 {[%emt 0:00:01]} 8. Re1 {[%emt 0:00:00]} Be6 {[%emt 0:00:01]} 9. c4 {[%emt 0:00:00]} c5 {[%emt 0:00:01]} 10. cxd5 {[%emt 0:00:01]} Bxd5 {[%emt 0:00:01]} 11. Nc3 {[%emt 0:00:02]} c4 {[%emt 0:00:03]} 12. Nxd5 {[%emt 0:00:01]} Nxd5 {[%emt 0:00:02]} 13. Bxc4 {[%emt 0:00:01]} Nb6 {[%emt 0:00:01]} 14. Bb3 {[%emt 0:00:01]} Nc6 {[%emt 0:00:01]} 15. Be3 {[%emt 0:00:01]} Na5 {[%emt 0:00:01]} 16. Bc2 {[%emt 0:00:01]} Nd5 {[%emt 0:00:01]} 17. Qd3 {[%emt 0:00:01]} g6 {[%emt 0:00:02]} 18. Bxh6 {[%emt 0:00:01]} Nb4 {[%emt 0:00:02]} 19. Qd2 {[%emt 0:00:03]} Nxc2 {[%emt 0:00:01]} 20. Qxc2 {[%emt 0:00:00]} Re8 {[%emt 0:00:01]} 21. Re2 {[%emt 0:00:03]} Nc6 {[%emt 0:00:02]} 22. Rae1 {[%emt 0:00:01]} Kh7 {[%emt 0:00:08]} 23. Bf4 {[%emt 0:00:02]} Nb4 {[%emt 0:00:03]} 24. Qa4 {[%emt 0:00:03]} Nd5 {[%emt 0:00:02]} 25. Be5 {[%emt 0:00:02]} b5 {[%emt 0:00:03]} 26. Qxb5 {[%emt 0:00:01]} Rb8 {[%emt 0:00:01]} 27. Qd3 {[%emt 0:00:01]} f6 {[%emt 0:00:03]} 28. Bxb8 {[%emt 0:00:01]} Nf4 {[%emt 0:00:02]} 29. Bxf4 {[%emt 0:00:02]} Bb4 {[%emt 0:00:03]} 30. Rxe8 {[%emt 0:00:02]} Qc7 {[%emt 0:00:02]} 31. Bxc7 {[%emt 0:00:03]} Bxe1 {[%emt 0:00:03]} 32. Re7+ {[%emt 0:00:01]} Kh6 {[%emt 0:00:00]} 33. Qe3+ {[%emt 0:00:01]} g5 {[%emt 0:00:01]} 34. Nxg5 {[%emt 0:00:03]} Kg6 {[%emt 0:00:00]} 35. Ne6 {[%emt 0:00:01]} Kf5 {[%emt 0:00:02]} 36. Ng7+ {[%emt 0:00:01]} Kg6 {[%emt 0:00:01]} 37. Qe4+ {[%emt 0:00:00]} f5 {[%emt 0:00:01]} 38. Qxf5+ {[%emt 0:00:01]} Kh6 {[%emt 0:00:00]} 39. Qh5# {[%emt 0:00:00] (Lag: Av=0.66s, max=1.2s)} 1-0

[Event "Stay Safe Play From Home 295"]
[Site "Emanuel Lasker Arena"]
[Date "2020.07.12"]
[Round "7"]
[White "Cirovicz"]
[Black "Klasman"]
[Result "1-0"]
[WhiteElo "1907"]
[BlackElo "1362"]
[PlyCount "37"]
[EventDate "2020.07.12"]
[EventType "swiss (blitz)"]

1. e4 {[%emt 0:00:01]} f5 {[%emt 0:00:02]} 2. exf5 {[%emt 0:00:01]} Nf6 {[%emt 0:00:01]} 3. g4 {[%emt 0:00:02]} h6 {[%emt 0:00:02]} 4. g5 {[%emt 0:00:01]} hxg5 {[%emt 0:00:02]} 5. h4 {[%emt 0:00:01]} gxh4 {[%emt 0:00:04]} 6. d4 {[%emt 0:00:01]} d5 {[%emt 0:00:01]} 7. Bg5 {[%emt 0:00:02]} Bxf5 {[%emt 0:00:01]} 8. Bxh4 {[%emt 0:00:01]} Nc6 {[%emt 0:00:07]} 9. Bg2 {[%emt 0:00:02]} g5 {[%emt 0:00:05]} 10. Bxg5 {[%emt 0:00:01]} Rxh1 {[%emt 0:00:02]} 11. Bxh1 {[%emt 0:00:01]} Qd6 {[%emt 0:00:03]} 12. Bxf6 {[%emt 0:00:01]} exf6 {[%emt 0:00:02]} 13. Qh5+ {[%emt 0:00:00]} Kd8 {[%emt 0:00:08]} 14. Qxf5 {[%emt 0:00:01]} Qh2 {[%emt 0:00:07]} 15. Qxd5+ {[%emt 0:00:02]} Kc8 {[%emt 0:00:02]} 16. Ne2 {[%emt 0:00:01]} Nd8 {[%emt 0:00:07]} 17. Nbc3 {[%emt 0:00:02]} Bh6 {[%emt 0:00:02]} 18. Qf5+ {[%emt 0:00:03]} Kb8 {[%emt 0:00:01]} 19. Qf3 {[%emt 0:00:01] Time (Lag: Av=0.72s, max=1.3s)} 1-0